00832nam a2200241Ia 4500001000600000003000900006008004100015040001300056040001300069041001300082100002400095100002900119245006000148245006600208250001100274260001100285260001100296260004900307300005700356500011800413650002800531650003100559F2085IT-RoPAU130308s9999 xx 000 0 und d aIT-RoPAU cIT-RoPAU aITALIANO aDe Gaetano Domenico gCodice Aut. SPICS: 41737 aTotal Rock Show. La musica nel cinema di Aki Kaurismaki bFinlandesi Probabilmente...Il Cinema di Aki e Mika Kaurismaki a1a ed. aTORINO bLindau c1998 [1° Ed.:1998 - Ed.Ling.Originale:1998] a"6 p. (prefazione: no ; testo: 6 [pagine: 109-114])" aComponente Musicale nell'Ispirazione del Cinema di Aki Kaurismaki. Analisidi Leningrad Cowboys Go America (1989). aAUTORI/OPERE DEL CINEMA eCodice materia Spics: 6807